[Event "Igualada op 15th"]
[Site "Igualada"]
[Date "2020.01.11"]
[Round "1"]
[White "Mestre Costas, Jordi"]
[Black "Llacuna Fabregat, Josep Maria"]
[Result "0-1"]
[WhiteElo "1392"]
[BlackElo "1717"]
[PlyCount "62"]
[EventDate "2020.01.11"]
[EventType "swiss"]
[EventRounds "8"]
[EventCountry "ESP"]
[SourceTitle "CBM 195 Extra"]
[Source "ChessBase"]
[SourceDate "2020.05.31"]
[SourceVersion "1"]
[SourceVersionDate "2020.05.31"]
[SourceQuality "1"]

1. d4 Nf6 2. Nf3 d5 3. e3 Bf5 4. c4 c6 5. Nc3 e6 6. a3 Bd6 7. Bd3 Ne4 8. Qc2 Qa5 9. 0-0 Nxc3 10. Bxf5 exf5 11. bxc3 dxc4 12. Bb2 Nd7 13. Rfe1 Nf6 14. Nd2 Qd5 15. f3 Bc7 16. e4 fxe4 17. Nxe4 Nxe4 18. Rxe4+ Kd7 19. Rae1 Bd6 20. Bc1 b5 21. Rg4 g6 22. Rg5 f5 23. f4 Qf7 24. Rg3 Rae8 25. Qf2 Rxe1+ 26. Qxe1 Qf8 27. a4 Qb8 28. Rf3 bxa4 29. Rf2 Re8 30. Qd1 Qb3 31. Qc2 Re1+ 0-1

[Event "Igualada op 11th"]
[Site "Igualada"]
[Date "2016.02.13"]
[Round "5"]
[White "Mestre Costas, Jordi"]
[Black "Llacuna Roca, Josep"]
[Result "1/2-1/2"]
[WhiteElo "1243"]
[BlackElo "1665"]
[PlyCount "87"]
[EventDate "2016.01.16"]
[EventType "swiss"]
[EventRounds "8"]
[EventCountry "ESP"]
[SourceTitle "EXT 2017"]
[Source "ChessBase"]
[SourceDate "2016.10.25"]
[SourceVersion "1"]
[SourceVersionDate "2016.10.25"]
[SourceQuality "1"]

1. d4 d5 2. Nf3 c6 3. e3 e6 4. a3 Nf6 5. c4 Be7 6. Nc3 Nbd7 7. Bd3 dxc4 8. Bxc4 b5 9. Bd3 a6 10. b3 Bb7 11. Bb2 c5 12. 0-0 Rc8 13. Rc1 c4 14. bxc4 bxc4 15. Bb1 h6 16. Re1 Bc6 17. e4 0-0 18. Qc2 Ne8 19. d5 Bb5 20. a4 Nc5 21. axb5 Nd3 22. e5 Bc5 23. Rf1 f5 24. exf6 Nxf6 25. dxe6 axb5 26. Rcd1 Qb6 27. Qd2 Nxf2 28. Rxf2 Rcd8 29. Qe2 Rxd1+ 30. Nxd1 Bxf2+ 31. Qxf2 Qxe6 32. Nc3 b4 33. Nd4 Qa6 34. Ncb5 c3 35. Bc1 b3 36. Nxc3 Qc4 37. Bb2 Nd5 38. Bh7+ Kxh7 39. Qxf8 Qxd4+ 40. Qf2 Ne3 41. h3 Qd3 42. Qf3 Qd2 43. Qe4+ Kh8 44. Qe8+ 1/2-1/2